2012 Hero Factory Sets (Breakout) - Statistics

General Stats
  • This quiz has been taken 25 times
  • The average score is 14 of 18
Answer Stats
Hint Answer % Correct
Hero Furno
100%
Hero Bulk
92%
Hero Nex
92%
Hero Surge
92%
Hero Evo
85%
Hero Rocka
85%
Hero Stringer
85%
Hero Breeze
77%
Villain Speeda Demon
77%
Hero Stormer XL
77%
Villain Black Phantom
69%
Villain Core Hunter
69%
Villain Splitface
69%
Villain Voltix
69%
Villain Jawblade
62%
Villain Toxic Reapa
62%
Villain XT4
62%
Villain Thornraxx
46%
No matching quizzes found
Score Distribution
Percent of People with Each Score
Percentile by Number Answered
Your Score History
You have not taken this quiz